00916nam a2200265Ia 450000500170000000800370001702000180005404100080007224501300008025000180021030000250022849000230025350000730027665000310034965000340038070000320041494200150044626400380046133600270049933700330052633800280055904000350058708400130062299900150063520220317001838.0170410s2009 s g 000 j s a9788483930229 aspa00aLos cuentos más breves del mundobvolumen Ibde Esopo a Kafkablos precursores del microrrelatocedición de Eduardo Berti a2a. edición a284 páginasc21 cm aVoces : literatura aIncluye datos biográficos de los autores, traductores y del editor142LEMBaCuentosvColecciones142LEMBaLiteraturavColecciones1 aBerti, Eduardd1964-977865 2loccBKLIT aMadridbPáginas de Espumac2009 atextobtxt2rdacontent asin mediaciónbn2rdamedia avolumenbnc2rdacarrier aCO-BoRNBPbspaerdacCO-BoRNBP aC CUE158 c8289d8289